000 00735nam a2200289Ia 4500
005 20260324135523.0
008 008 260324s9999 xx 000 0 eng d
020 _a9781315804828
037 _aEBOOK
040 _aCRL
040 _beng
040 _cCRL
041 _2eng
041 _aeng
084 _qCRL
100 _aRobert J. Damm
_91200926
245 0 _aRepertoire, Authenticity and Introduction
245 4 _bThe Presentation of American Indian Music in Oklahoma's Elementary Schools
260 _bTaylor and Francis
260 _c2000
365 _a
365 _b230
856 _uhttp://www.taylorfrancis.com/books/9781315804828
942 _cEBOOK
999 _c1802056
_d1802056